00385 2200157 4500001002100000008004100021035002000062245003700082100001600119250000600135260003800141084001400179082000800193650001400201990001200215INLIS000000000001507 ind  a0010-0125000005 aEnglish Daily Conv.cShira Media aShira Media a1 aYogyakarta :bRedaksi Shirac2009 a420 SHI e a420 aNon Fiksi a0714924